Statistics for NFL 2019 Overview

Click here to take the quiz!

General Stats

  • This quiz has been taken 45 times
  • The average score is 12 of 15

Answer Stats

HintAnswer% Correct
Super Bowl Winning CoachAndy Reid
100%
This team won the Super BowlKansas City Chiefs
100%
Super Bowl MVPPatrick Mahomes II
100%
NFC WinnersSan Francisco 49ers
100%
Regular Season MVPLamar Jackson
97%
Saints WR who caught a record 145 passesMichael Thomas
92%
Team that Antonio Brown played for for one gameNew England Patriots
92%
Team who beat the Pats and the Ravens in the PlayoffsTennessee Titans
92%
First Overall PickKyler Murray
82%
Coach of the YearJohn Harbaugh
67%
Season of the NFL100th
62%
Score of that Game10-3
62%
2x Super Bowl Champ who retiredEli Manning
59%
First Game of the SeasonGreen Bay Packers vs. Chicago Bears
59%
1st Year Head Coach of the Packers who led them to 13-3Matt Lafleur
59%

Score Distribution

Percentile by Number Answered

Percent of People with Each Score

Your Score History

You have not taken this quiz